banner-ar

معجم الاسماء العربية / (Record no. 42866)

MARC details
000 -الفاتح
حقل البيانات ثابتة الطول 00508nam a2200181Ia 4500
008 - عناصر البيانات ثابتة الطول - معلومات عامة
حقل البيانات ثابتة الطول 140319s9999 xx 000 0 ara d
040 ## - مصدر الفهرسة
وكالة الفهرسة الأصلية GCL /
وكالة النسخ GCL
082 04 - رقم تصنيف ديوى العشرى
رقم التصنيف 413
رقم المادة م م
100 1# - المدخل الرئيسى - إسم شخصى
الإسم الشخصى مصطفى طلاس
245 10 - بيان العنوان
العنوان معجم الاسماء العربية /
بيان المسئوليه,etc مصطفى طلاس
700 1# - المدخل الاضافى - اسم شخصى
الإسم الشخصى نديم عدى
300 ## - الوصف المادى
التعداد 353 ص
490 ## - بيان السلسلة
عنوان السلسلة
650 04 - المدخل الاضافى بالموضوع-مصطلح موضوعى
مصطلح موضوعي اللغة العربية - الالفاظ
650 04 - المدخل الاضافى بالموضوع-مصطلح موضوعى
مصطلح موضوعي اللغة العربية - المعاجم
942 ## - عناصر المدخل الإضافي( كوها)
مصدر التصنيف او مخطط الترفيف Dewey Decimal Classification
Koha [default] item type كتاب
Holdings
حالة التراجع حالة الفقد حالة تلف ليس للاعارة المكان المؤقت الموقع الحالى تاريخ الاكتساب اجمالي اﻻعارات رقم الطلب الباركود تاريخ اخر مشاهدة تاريخ تفعيل السعر نوع وعاء كوها
        مكتبة القاهرة الكبرى مكتبة القاهرة الكبرى 03/26/2014   413\م م 103574 03/26/2014 03/26/2014 كتاب
        مكتبة القاهرة الكبرى مكتبة القاهرة الكبرى 03/26/2014   413\م م 103575 03/26/2014 03/26/2014 كتاب
        مكتبة القاهرة الكبرى مكتبة القاهرة الكبرى 03/26/2014   413\م م 103576 03/26/2014 03/26/2014 كتاب

Powered By

EGPV